| 000 | 00382nam a22001577a 4500 | ||
|---|---|---|---|
| 020 | _a978-81-8321-370-7 | ||
| 041 | _aENG | ||
| 100 | _aKumar P.S | ||
| 245 | _aPost Harvest Physiology And Quality Management Of Fruits And Vegetables | ||
| 250 | _a2 nd | ||
| 260 |
_aIndia _bS .Chand _c2014 |
||
| 300 | _a416 | ||
| 650 | _aAPE | ||
| 700 | _aSagar.V.R , Kanwat.M | ||
| 856 | _uAPE | ||
| 999 |
_c220 _d220 |
||